Normal view
MARC view
- Fitzpatrick, Patrick M.
Entry Personal Name
001 - CONTROL NUMBER
- control field: 35896
003 - CONTROL NUMBER IDENTIFIER
- control field: NUST
005 - DATE AND TIME OF LATEST TRANSACTION
- control field: 20210308173540.0
008 - FIXED-LENGTH DATA ELEMENTS
- fixed length control field: 210308|| aca||aabn | a|a d
040 ## - CATALOGING SOURCE
- Original cataloging agency: NUST
- Transcribing agency: NUST
100 ## - HEADING--PERSONAL NAME
- Personal name: Fitzpatrick, Patrick M.
- Dates associated with a name: 1946-
670 ## - SOURCE DATA FOUND
- Source citation: Work cat.: (NUST)31580: Fitzpatrick, Patrick M. 1946-, Advanced calculus /, c2006.
